Religion in Dialogue with Late Modern Society : (Record no. 604648)

MARC details
000 -LEADER
fixed length control field 00518nam a2200193 a 4500
008 - FIXED-LENGTH DATA ELEMENTS--GENERAL INFORMATION
fixed length control field 251224s2006##################000#0#eng##
020 ## - INTERNATIONAL STANDARD BOOK NUMBER
ISBN 9783631551219
082 04 - DEWEY DECIMAL CLASSIFICATION NUMBER
Classification number 261.243
Item number ALD
100 1# - MAIN ENTRY--AUTHOR NAME
Personal name Aldén, Ann,
245 10 - TITLE STATEMENT
Title Religion in Dialogue with Late Modern Society :
260 ## - PUBLICATION, DISTRIBUTION, ETC. (IMPRINT)
Name of publisher Peter Lang Publishing,
Year of publication 2006.
300 ## - PHYSICAL DESCRIPTION
Number of Pages 200 pages
650 #0 - SUBJECT ADDED ENTRY--TOPICAL TERM
Topical Term Religion.
942 ## - ADDED ENTRY ELEMENTS (KOHA)
Koha item type English Books
Holdings
Withdrawn status Lost status Damaged status Not for loan Home library Current library Shelving location Date acquired Full call number Accession Number Price effective from Koha item type
        Anna Centenary Library Anna Centenary Library 3RD FLOOR, B WING 26.12.2025 261.243 ALD 221052 26.12.2025 English Books

Find us on the map